| Tag |
First Indicator |
Second Indicator |
Subfields |
| LEADER |
00000cam a22000004a 4500 |
| 001 |
in00002781317 |
| 005 |
20150922133731.0 |
| 008 |
050609s2005 vaua 001 0 eng |
| 010 |
|
|
|a 2005016557
|
| 020 |
|
|
|a 1563476967 (pbk.)
|
| 020 |
|
|
|a 9781563476969 (pbk.)
|
| 035 |
|
|
|a (OCoLC)ocm60644703
|
| 040 |
|
|
|a DLC
|b eng
|c DLC
|d BAKER
|d C#P
|d VP@
|d BTCTA
|d YDXCP
|d IG#
|d GH0
|d OCLCQ
|d UtOrBLW
|
| 042 |
|
|
|a pcc
|
| 043 |
|
|
|a n-us---
|
| 049 |
|
|
|a TXAM
|
| 050 |
0 |
0 |
|a TL785.8.L3
|b S84 2005
|
| 082 |
0 |
0 |
|a 629.44/1
|2 22
|
| 100 |
1 |
|
|a Stiennon, Patrick J. G.
|
| 245 |
1 |
4 |
|a The rocket company /
|c by Patrick J.G. Stiennon and David M. Hoerr ; illustrated by Doug Birkholz.
|
| 264 |
|
1 |
|a Reston, Va. :
|b American Institute of Aeronautics and Astronautics,
|c [2005]
|
| 264 |
|
4 |
|c ©2005
|
| 300 |
|
|
|a xiii, 263 pages :
|b illustrations ;
|c 23 cm.
|
| 336 |
|
|
|a text
|b txt
|2 rdacontent
|
| 337 |
|
|
|a unmediated
|b n
|2 rdamedia
|
| 338 |
|
|
|a volume
|b nc
|2 rdacarrier
|
| 500 |
|
|
|a Includes index.
|
| 505 |
0 |
|
|a Seven billionaires and one big problem -- Big telescopes, hot rodders, and librarians -- Gateses, Jobses, and the laureates' Lemma -- Build big, build many, or use it again -- Small market, small payload, but not a toy -- Myths, mistrust, and trust -- The pitch -- The business plan -- Mazes, stop cords, and skunk workers -- Fuel tanks, heat shields, and fire walls -- Balloon tanks, fracture mechanics, and friction stir welding -- Enthusiasm bubbles, ejections, and expander cycles -- Gasoline, alcohol, kerosene, or liquid methane -- Design reviews, prototypes, and parawings -- Guidance, navigation, and control -- Webb suit, hard suit, space suit -- Markets, philosophy, techniques, and approaches -- Rockets, jets, and soft landings -- Pilots, payloads, and passengers -- Mooncars, monks, and monasteries -- Aliens, cheetahs, and archea -- Halfway to everywhere -- First stage, first flight -- Stop the production line! -- Earth below us -- Money, manufacturing, and marketing -- Always room for improvement -- Epilogue I Space is finally a place -- Epilogue II Mars for the many.
|
| 520 |
|
|
|a "A fictionalized account of the challenges faced by a group of seven investors and their engineering team in developing a low-cost, reusable, Earth-to orbit launch vehicle. The marketing, regulatory, and technical problems are explored ... "cover p. [4].
|
| 650 |
|
0 |
|a Launch vehicles (Astronautics)
|x Design and construction.
|
| 650 |
|
0 |
|a Reusable space vehicles.
|
| 650 |
|
0 |
|a New business enterprises
|z United States
|x Finance.
|
| 700 |
1 |
|
|a Hoerr, David M.
|
| 856 |
4 |
1 |
|3 Table of contents
|u http://catdir.loc.gov/catdir/toc/ecip0514/2005016557.html
|t 0
|
| 948 |
|
|
|a cataloged
|b h
|c 2012/11/6
|d c
|e ceaton
|f 10:46:55 am
|
| 994 |
|
|
|a C0
|b TXA
|
| 999 |
|
|
|a MARS
|
| 999 |
f |
f |
|s f8eab156-0b3d-3462-8c04-1ff21210a85c
|i 3004559c-60e0-33fc-8dea-44baa3d6aba1
|t 0
|
| 952 |
f |
f |
|p normal
|a Texas A&M University
|b College Station
|c Sterling C. Evans Library
|d Evans: Library Stacks
|t 0
|e TL785.8.L3 S84 2005
|h Library of Congress classification
|i unmediated -- volume
|m A14841589989
|
| 998 |
f |
f |
|a TL785.8.L3 S84 2005
|t 0
|l Evans: Library Stacks
|